000 00350nam a2200157Ia 4500
008 230312s9999||||xx |||||||||||||| ||und||
020 _a0-672-32186-6
082 _a004.6
_bWOL-S
100 _aMicheal Wolf
245 0 _aSpeed
260 _bSams
_aUSA
_c2002
300 _a391
546 _aEng.
650 _acomputer
_vsoftware set up
942 _cBK
999 _c3549
_d3549